[Event "2ème Open International de Haute-Bretagn"]
[Site "RENNES - FRANCE"]
[Date "2009.07.16"]
[Round "2.2"]
[White "Dobrev, Nanko"]
[Black "Le Roux, Jean-Pierre"]
[Result "0-1"]
[WhiteElo "2352"]
[BlackElo "2485"]
[PlyCount "80"]
[EventDate "2009.??.??"]

1. Nf3 Nf6 2. c4 e6 3. d4 b6 4. a3 Bb7 5. Nc3 g6 6. d5 Bg7 7. e4 O-O 8. Be2 (8.
e5 Ng4 9. Ng5 Nxe5 10. f4 f6 11. Nxh7 Kxh7 12. fxe5 f5) 8... d6 9. dxe6 fxe6
10. O-O Nbd7 11. Qc2 Nc5 12. e5 dxe5 13. Rd1 (13. Nxe5 Nfe4) 13... Qe7 14. Bg5
e4 15. Ne5 a5 16. Nb5 a4 17. Bh4 Nb3 18. Rab1 Qc5 19. Bg3 e3 20. f3 Nd2 21. Nd3
Qe7 22. Bxc7 Rfc8 23. Rxd2 exd2 24. Bd6 Qd7 25. Qxd2 Ne8 26. Bb4 Rxc4 27. Nc3
Rxb4 28. axb4 a3 29. Nd1 Qd4+ 30. Kf1 Nd6 31. bxa3 Nc4 32. Qg5 Bf6 33. Qh6 Rxa3
34. N1f2 Bg7 35. Qg5 h6 36. Qxg6 Nd2+ 37. Kg1 Nxb1 38. Qxe6+ Kf8 39. Ne1 Qe5
40. Qc4 Nc3 0-1

[Event "2ème Open International de Haute-Bretagn"]
[Site "RENNES - FRANCE"]
[Date "2009.07.16"]
[Round "2.3"]
[White "Sriram, Jha"]
[Black "Milchev, Nikolay"]
[Result "1-0"]
[WhiteElo "2459"]
[BlackElo "2351"]
[PlyCount "77"]
[EventDate "2009.??.??"]

1. d4 d5 2. Nf3 Nc6 3. Bf4 Bg4 4. e3 e6 5. c4 Nf6 6. Nc3 Bb4 7. Qc2 O-O 8. a3
Bxc3+ {(=)} 9. Qxc3 dxc4 10. Qxc4 Bxf3 11. gxf3 Nh5 12. Bg3 g6 13. Bg2 Nxg3 14.
hxg3 Qd5 15. Rc1 Rad8 16. O-O Rd7 17. Qa4 e5 18. f4 e4 19. Rc5 Qe6 20. Qb5 Nd8
21. Re5 a6 22. Rxe6 axb5 23. Rxe4 Nc6 24. Rc1 Ra8 25. f5 b4 26. axb4 Nxb4 27.
fxg6 hxg6 28. Bf1 c6 29. Bc4 Kg7 30. Kg2 b5 31. Bb3 Ra6 32. Rd1 Nd5 33. Re8 Nf6
34. Rc8 Ne4 35. Rc1 Nd2 36. Bd1 Rd6 37. Rc2 Nc4 38. Be2 Nb6 39. R8xc6 1-0

[Event "2ème Open International de Haute-Bretagn"]
[Site "RENNES - FRANCE"]
[Date "2009.07.16"]
[Round "2.4"]
[White "Okhotnik, Vladimir"]
[Black "Foisor, Sabina-Francesca"]
[Result "0-1"]
[WhiteElo "2449"]
[BlackElo "2304"]
[PlyCount "96"]
[EventDate "2009.??.??"]

1. e4 e6 2. d4 d5 3. exd5 exd5 4. Nf3 Nf6 5. c4 Bb4+ 6. Nc3 O-O 7. Bd3 dxc4 8.
Bxc4 Bg4 9. Be3 c6 10. h3 Bh5 11. O-O Nbd7 12. g4 Bg6 13. Ne5 Nxe5 14. dxe5
Bxc3 15. bxc3 Nd5 16. Qd4 b5 17. Bb3 Qh4 18. Bxd5 Rad8 19. Qf4 Rxd5 20. Kh2 Qe7
21. a4 a6 22. axb5 axb5 23. Ra6 c5 24. Rc6 Rxe5 25. Re1 Qe8 26. Rc7 c4 27. h4
Re4 28. Qg3 Qd8 29. h5 Rxg4 30. Qxg4 Qxc7+ 31. Bf4 Bxh5 32. Qh4 Qb6 33. Be3
Qd6+ 34. Bf4 Qf6 35. Bg5 Qxc3 36. Re3 Qc2 37. Qxh5 Qxf2+ 38. Kh3 Qf5+ 39. Qg4
Qxg4+ 40. Kxg4 f6 41. Bf4 Kf7 42. Ra3 g5 43. Bd6 Rd8 44. Ra6 Kg6 45. Be5 Rf8
46. Rb6 b4 47. Bd6 Re8 48. Rxb4 Re3 0-1

[Event "2ème Open International de Haute-Bretagn"]
[Site "RENNES - FRANCE"]
[Date "2009.07.16"]
[Round "2.5"]
[White "Foisor, Cristina-Adela"]
[Black "Mandon, Fabrice"]
[Result "1-0"]
[WhiteElo "2424"]
[BlackElo "2251"]
[PlyCount "86"]
[EventDate "2009.??.??"]

1. Nf3 Nf6 2. g3 d5 3. Bg2 c6 4. d3 Bf5 5. O-O Nbd7 6. Nfd2 e5 7. e4 Bg4 8. f3
Bh5 9. Nc3 Bc5+ 10. Kh1 O-O 11. Nb3 Be7 12. Qe2 Re8 13. g4 d4 14. Nd1 Bg6 15.
Nf2 c5 16. f4 h6 17. f5 Bh7 18. h4 Kh8 19. g5 Ng8 20. Qg4 g6 21. Bh3 h5 22. Qg3
Rc8 23. c3 dxc3 24. bxc3 c4 25. dxc4 Qc7 26. Rd1 Rcd8 27. Be3 b6 28. f6 Ndxf6
29. gxf6 Bxf6 30. c5 Qe7 31. cxb6 Bxh4 32. Qf3 axb6 33. Bxb6 Rd6 34. Rxd6 Qxd6
35. Bc5 Qc7 36. Rd1 Nf6 37. Bg2 Re6 38. Qd3 Kg7 39. Qd8 Qxd8 40. Rxd8 g5 41.
Nd2 Rc6 42. Nd3 g4 43. Bf8+ Kg8 1-0

[Event "2ème Open International de Haute-Bretagn"]
[Site "RENNES - FRANCE"]
[Date "2009.07.16"]
[Round "2.6"]
[White "Suez-Panama, Gilles"]
[Black "Jolly, Jean-Francois"]
[Result "0-1"]
[WhiteElo "2122"]
[BlackElo "2366"]
[PlyCount "80"]
[EventDate "2009.??.??"]

1. d4 Nf6 2. Nf3 e6 3. c4 b6 4. a3 Ba6 5. Qc2 Bb7 6. Nc3 c5 7. e4 cxd4 8. Nxd4
Bc5 9. Nb3 Nc6 10. Be2 Nd4 11. Nxd4 Bxd4 12. Nb5 Be5 13. Bd3 a6 14. f4 axb5 15.
fxe5 bxc4 16. Qxc4 Nxe4 17. O-O f5 18. exf6 Nxf6 19. b4 Qc8 20. Qd4 Qc6 21. Rf2
d6 22. Qh4 O-O 23. Bb2 e5 24. Rc1 Qd7 25. Bf5 Qd8 26. Rfc2 Bd5 27. Rd2 g6 28.
Rxd5 gxf5 29. Rdd1 Ne4 30. Qh6 Qe8 31. Rc7 Qg6 32. Qe3 f4 33. Qb3+ Kh8 34. Qf3
Ng5 35. Qc6 f3 36. g3 f2+ 37. Kf1 Qh5 38. Qd5 Nf3 39. Kxf2 Nd4+ 40. Rf7 Rxf7+
0-1

[Event "2ème Open International de Haute-Bretagn"]
[Site "RENNES - FRANCE"]
[Date "2009.07.16"]
[Round "2.7"]
[White "Schmouchkovitch, Michel"]
[Black "Terrieux, Kevin"]
[Result "1/2-1/2"]
[WhiteElo "1996"]
[BlackElo "2442"]
[PlyCount "53"]
[EventDate "2009.??.??"]

1. d4 Nf6 2. Nf3 e6 3. e3 b6 4. Bd3 Bb7 5. O-O c5 6. c4 Be7 7. Nc3 a6 8. Re1 d6
9. b3 Nbd7 10. Bb2 O-O 11. e4 cxd4 12. Nxd4 Qc7 13. Qd2 Rfe8 14. Rad1 Rac8 15.
Bf1 Bf8 16. g3 Qb8 17. Bg2 Qa8 18. f4 Qb8 19. Qc2 e5 20. fxe5 Rxe5 21. Qd2 Nc5
22. Qf4 Rce8 23. Nf5 Ne6 24. Nh6+ gxh6 25. Qxf6 Bg7 26. Qf2 Rc5 27. Nd5 1/2-1/2

[Event "2ème Open International de Haute-Bretagn"]
[Site "RENNES - FRANCE"]
[Date "2009.07.16"]
[Round "2.8"]
[White "Mladenov, Plamen"]
[Black "Le Goff, Damien"]
[Result "1-0"]
[WhiteElo "2362"]
[BlackElo "2270"]
[PlyCount "196"]
[EventDate "2009.??.??"]

1. e4 e6 2. Nf3 d5 3. Nc3 Nf6 4. e5 Nfd7 5. d4 c5 6. dxc5 Bxc5 7. Bd3 Nc6 8.
Bf4 h6 9. h4 a6 10. a3 Qc7 11. O-O O-O 12. Qe2 Kh8 (12... f6 13. exf6 Qxf4 14.
Qxe6+) 13. Bh2 Qd8 14. Rae1 Be7 15. h5 Nc5 16. b4 Nxd3 17. cxd3 Bd7 18. Bf4 f5
19. exf6 Bxf6 20. Nd1 Rc8 21. Bd6 Be7 22. Bxe7 Qxe7 23. Ne3 Be8 24. Nxd5 Qd8
25. Ne3 Bxh5 26. g4 Bg6 27. Rd1 Qf6 28. Kg2 e5 29. Nc4 e4 (29... Rce8 30. Rfe1
e4 31. dxe4 Rxe4) 30. dxe4 Qf4 31. Nh2 Bxe4+ 32. f3 Bh7 33. Nd6 Rcd8 (33... Rc7
) 34. Nxb7 Rxd1 35. Rxd1 Ne5 36. Nc5 Nxf3 37. Qxf3 Qxh2+ 38. Kxh2 Rxf3 39. Rd8+
Bg8 40. a4 Rf4 41. Nxa6 Kh7 (41... Rxg4 42. b5 Rxa4) 42. Kg3 Rc4 43. a5 Rc3+
44. Kf4 Rb3 45. Rd4 Rb1 46. Nc5 Bf7 47. Ke5 h5 48. gxh5 Bxh5 49. a6 Bf3 50. a7
Kh6 51. Kf4 Ba8 52. Na4 Rf1+ 53. Kg4 Rf7 54. Rd6+ g6 55. Ra6 Bh1 56. Nb6 Re7
57. Kg3 Kg5 58. a8=Q Bxa8 59. Nxa8 Re3+ 60. Kf2 Rb3 61. Rb6 Kf4 62. Nc7 Rb2+
63. Ke1 Ke3 64. Kd1 Kd3 65. Rd6+ Kc4 66. b5 g5 67. Rg6 Kc5 68. Rc6+ Kd4 69. Kc1
Rb4 70. Kd2 Rb2+ 71. Ke1 g4 72. Rg6 Kc5 73. Rxg4 Kb6 74. Rc4 Kb7 75. Kd1 Kb6
76. Kc1 Rh2 77. Rc6+ Kb7 78. Nd5 Rg2 79. Rc2 Rg5 80. Nc3 Kb6 81. Kb2 Rg3 82.
Kb3 Rh3 83. Rg2 Ka5 84. Rg4 Rh2 85. Ra4+ Kb6 86. Ra6+ Kb7 87. Re6 Rh4 88. Re4
Rh1 89. Kb4 Rh2 90. Re2 Rh5 91. Re7+ Kb8 92. Nd5 Rh1 93. Kc5 Rh2 94. Rf7 Rh5
95. Kc6 Rh6+ 96. Rf6 Rh8 97. b6 Rg8 98. Nc7 Rh8 1-0

[Event "2ème Open International de Haute-Bretagn"]
[Site "RENNES - FRANCE"]
[Date "2009.07.16"]
[Round "2.9"]
[White "Song, Julien"]
[Black "Le Marec, Simon"]
[Result "1-0"]
[WhiteElo "2319"]
[BlackElo "2064"]
[PlyCount "95"]
[EventDate "2009.??.??"]

1. d4 d6 2. Nf3 Nd7 3. c4 e5 4. Nc3 Ngf6 5. Bg5 Be7 6. e3 O-O 7. Qc2 exd4 8.
exd4 Re8 9. O-O-O Nf8 10. Bd3 c6 11. h4 Bg4 12. Bf5 Bxf5 13. Qxf5 Qd7 14. Qd3
d5 15. Ne5 Qc7 16. Bxf6 Bxf6 17. f4 Rad8 18. cxd5 cxd5 19. Kb1 Qb6 20. Qf3 Qa5
21. g4 Re6 22. Rd2 Ra6 23. Qd3 Ne6 24. Rf1 Rc8 25. Qb5 Qxb5 26. Nxb5 Rb6 27. a4
Nf8 28. g5 Be7 29. Rc2 Rxc2 30. Kxc2 f6 31. Ng4 fxg5 32. hxg5 Ne6 33. Ne3 Bf8
34. Nxd5 Rc6+ 35. Kd3 a6 36. Nbc3 Bd6 37. Ne4 b5 38. axb5 axb5 39. f5 Nc7 40.
Nxc7 Bxc7 41. d5 Rc4 42. Re1 Be5 43. Nc3 Bxc3 44. bxc3 Rg4 45. d6 Kf7 46. d7
Rg3+ 47. Kd2 Rg2+ 48. Kd1 1-0

[Event "2ème Open International de Haute-Bretagn"]
[Site "RENNES - FRANCE"]
[Date "2009.07.16"]
[Round "2.10"]
[White "Caroff, Frederic"]
[Black "Andonov, Bogomil"]
[Result "1-0"]
[WhiteElo "2119"]
[BlackElo "2311"]
[PlyCount "115"]
[EventDate "2009.??.??"]

1. e4 c5 2. c3 d5 3. exd5 Qxd5 4. d4 cxd4 5. cxd4 e6 6. Nc3 Bb4 7. Nf3 Nf6 8.
Bd3 O-O 9. O-O Bxc3 10. bxc3 Nbd7 11. Re1 b6 12. Ba3 Re8 13. Ne5 Bb7 14. f3
Rac8 15. Qd2 Nxe5 16. Rxe5 Qd7 17. Bb2 Bd5 18. Rg5 h6 19. Rg3 Kh8 20. a4 Bc4
21. Bc2 Nd5 22. Re1 f5 23. Re5 Nf6 24. Rh3 Qf7 25. Bc1 Nd5 26. Qe1 Ba6 27. Bd2
Qf6 28. Bb3 Nc7 29. Rh5 Rcd8 30. Qg3 Kh7 31. Bg5 Qf7 32. Bxd8 Rxd8 33. Rhxf5
Qd7 34. Bc2 Kg8 35. Rh5 Kf8 36. Qf4+ Ke7 37. Rhf5 Qe8 38. Re1 Nd5 39. Rxd5 Rxd5
40. Bb3 Rd6 41. d5 Bc8 42. dxe6 Bxe6 43. Bxe6 Rxe6 44. Rxe6+ Kxe6 45. Qe4+ Kd7
46. Qxe8+ Kxe8 47. Kf2 Kd7 48. Ke3 Kc6 49. Kd4 b5 50. a5 Kd6 51. f4 Kc6 52. g4
Kd6 53. f5 Kc6 54. h4 Kd6 55. g5 h5 56. a6 Kc6 57. f6 gxf6 58. g6 1-0

[Event "2ème Open International de Haute-Bretagn"]
[Site "RENNES - FRANCE"]
[Date "2009.07.16"]
[Round "2.11"]
[White "Aubry, Yannis"]
[Black "Bratanov, Zsivko"]
[Result "0-1"]
[WhiteElo "1954"]
[BlackElo "2456"]
[PlyCount "168"]
[EventDate "2009.??.??"]

1. c4 Nf6 2. Nc3 c5 3. g3 e6 4. Bg2 d5 5. cxd5 exd5 6. d3 Nc6 7. Bg5 Be7 8. e4
O-O 9. Nge2 dxe4 10. dxe4 Be6 11. O-O Qa5 12. Qc1 h6 13. Bxf6 Bxf6 14. Nf4 Bg5
15. h4 Bxf4 16. Qxf4 Qb4 17. Rab1 Rad8 18. Qe3 Ne5 19. Nd5 Bxd5 20. exd5 Rfe8
21. Qc3 Qxc3 22. bxc3 b6 23. Rfe1 Nc4 24. g4 g5 25. hxg5 hxg5 26. Kh2 Kg7 27.
Kg3 Kf6 28. Rbd1 Nd6 29. f4 Nb5 30. c4 Nc3 31. fxg5+ Kxg5 32. Rxe8 Rxe8 33. Rd3
Ne2+ 34. Kf3 Nd4+ 35. Kg3 Re2 36. Bf3 Re8 37. Ra3 Re7 38. Rd3 f6 39. Bd1 Rh7
40. Ba4 Ne2+ 41. Kf2 Rh2+ 42. Ke1 Nf4 43. Ra3 Re2+ 44. Kd1 Re4 45. Bb5 a5 46.
Rg3 Ng6 47. Kc2 Ne5 48. Kb3 Nf7 49. Kc3 Nd6 50. a4 {(=)} Rd4 51. Re3 Ne4+ 52.
Rxe4 Rxe4 53. Bd7 Kf4 54. Bf5 Rd4 55. Be6 Ke3 56. Bf5 Ke2 57. Bd7 Kd1 58. Be6
Ke2 59. Bd7 Rd3+ 60. Kc2 Ke3 61. Bf5 Rd2+ 62. Kc3 Rd1 63. Bg6 Kf4 64. Bf5 Ke5
65. Kc2 Rh1 66. Kb3 Rh3+ 67. Kb2 Kd6 68. Be6 Rf3 69. Bc8 Re3 70. Bf5 Ke5 71.
Bc8 Kd4 72. Ba6 Re8 73. Kb3 Rg8 74. Bb5 Rxg4 75. d6 Ke5 76. d7 Rd4 77. Kc3 Rd6
78. Bc6 f5 79. Bb5 Kf4 80. Bc6 Ke3 81. Kc2 f4 82. Bd5 Rxd7 83. Kd1 f3 84. Ke1
Rh7 0-1

[Event "2ème Open International de Haute-Bretagn"]
[Site "RENNES - FRANCE"]
[Date "2009.07.16"]
[Round "2.12"]
[White "Ferrandi, Bernard"]
[Black "Fomichenko, Svetlana"]
[Result "0-1"]
[WhiteElo "1912"]
[BlackElo "2245"]
[PlyCount "64"]
[EventDate "2009.??.??"]

1. e4 c5 2. Nf3 Nc6 3. d4 cxd4 4. Bc4 Qa5+ 5. Bd2 Qb6 6. Bb3 g6 7. O-O Bg7 8.
Kh1 Nf6 9. Qe2 O-O 10. Na3 d6 11. h3 a5 12. Nc4 Qc5 13. c3 b5 14. Na3 Ba6 15.
c4 bxc4 16. Bxc4 Bxc4 17. Nxc4 Nxe4 18. Qxe4 d5 19. Qh4 dxc4 20. Ng5 h6 21. Nf3
h5 22. Rg1 e5 23. g4 Qd5 24. Rg3 hxg4 25. Qxg4 e4 26. Qg5 Qxg5 27. Nxg5 Rfe8
28. Re1 f5 29. h4 Ne5 30. h5 Ng4 31. h6 Bxh6 32. Nxe4 Bxd2 0-1

[Event "2ème Open International de Haute-Bretagn"]
[Site "RENNES - FRANCE"]
[Date "2009.07.16"]
[Round "2.13"]
[White "Crouan, Stephane"]
[Black "Pascot, Jean"]
[Result "1-0"]
[WhiteElo "2234"]
[BlackElo "1914"]
[PlyCount "79"]
[EventDate "2009.??.??"]

1. e4 e5 2. Nf3 Nc6 3. d4 exd4 4. Nxd4 Bc5 5. Be3 Bxd4 6. Bxd4 Nxd4 7. Qxd4 Qf6
8. e5 Qb6 9. Qxb6 axb6 10. Nc3 Ra5 11. Nb5 Ne7 12. Nxc7+ Kd8 13. Nb5 Ng6 14. a3
Re8 15. O-O-O Rxe5 16. Nd6 Kc7 17. Nc4 Rf5 18. Nxa5 bxa5 19. f3 Rc5 20. Bd3 Nf4
21. g3 Ne6 22. Be4 f5 23. Bd5 a4 24. Rhe1 g6 25. f4 b6 26. Re5 Ra5 27. Bxe6
Rxe5 28. fxe5 dxe6 29. Rd6 g5 30. Kd2 h5 31. Ke3 b5 32. h4 f4+ 33. gxf4 g4 34.
f5 exf5 35. Rh6 Bb7 36. Rxh5 g3 37. Rh7+ Kb6 38. Rxb7+ Kxb7 39. h5 g2 40. Kf2
1-0

[Event "2ème Open International de Haute-Bretagn"]
[Site "RENNES - FRANCE"]
[Date "2009.07.16"]
[Round "2.14"]
[White "Purenne, Benoit"]
[Black "Dubessay, Bastien"]
[Result "1/2-1/2"]
[WhiteElo "1885"]
[BlackElo "2168"]
[PlyCount "92"]
[EventDate "2009.??.??"]

1. e4 c5 2. Nf3 d6 3. d4 cxd4 4. Nxd4 Nf6 5. Nc3 Nc6 6. Be2 e5 7. Nb3 Be7 8.
Be3 Be6 9. Bf3 a5 10. Nc1 O-O 11. O-O Rc8 12. N1e2 Nb8 13. Qd2 Nbd7 14. Ng3 g6
15. Rfd1 Qc7 16. Rac1 Ne8 17. Nb5 Qd8 18. Bh6 Bc4 19. Nc3 Ng7 20. b3 Be6 21.
Nb5 Qb6 22. c4 $11 Nc5 23. Ne2 a4 24. Be3 axb3 25. axb3 Qd8 26. Bxc5 dxc5 27.
Qxd8 Rfxd8 28. Nec3 Bg5 29. Rxd8+ Rxd8 30. Rd1 Rxd1+ 31. Bxd1 Bd7 32. Nd6 Bc6
33. Bg4 Ne6 34. Bxe6 fxe6 35. Kf1 Be7 36. Ndb5 $11 Kf7 37. Ke2 h5 38. Na3 g5
39. Nc2 g4 40. f3 gxf3+ 41. gxf3 Bg5 42. Ne1 Bf4 43. h3 Ke7 44. Nd3 Kd6 45.
Nxf4 exf4 46. h4 Ke5 1/2-1/2

[Event "2ème Open International de Haute-Bretagn"]
[Site "RENNES - FRANCE"]
[Date "2009.07.16"]
[Round "2.15"]
[White "Mercier, Jean-Loup"]
[Black "Theon, Pierre"]
[Result "0-1"]
[WhiteElo "1875"]
[BlackElo "2121"]
[PlyCount "80"]
[EventDate "2009.??.??"]

1. b3 e5 2. Bb2 Nc6 3. e3 Nf6 4. Nf3 e4 5. Nd4 Nxd4 6. Bxd4 d5 7. Be2 Bd6 8. d3
Qe7 9. Nd2 Bf5 10. dxe4 Nxe4 11. Nxe4 dxe4 12. Bg4 Qg5 13. Bxf5 Qxf5 14. O-O
O-O-O 15. Qe2 h5 16. f4 exf3 17. Rxf3 Qe4 18. a4 Bxh2+ 19. Kxh2 Rxd4 20. Qf2
Rd7 21. Rf1 f6 22. Rf4 Qe5 23. Kh1 Re8 24. e4 Qd4 25. Qf3 Re5 26. Kh2 Rg5 27.
Rf5 Qd6+ 28. Kh3 Qe6 29. Kh2 Rxf5 30. exf5 Qe5+ 31. Kh3 h4 32. Rf2 Qe1 33. Rf1
Qd2 34. Rf2 Qg5 35. Qg4 Rd4 36. Qf3 Re4 37. Kh2 Re3 38. Qd5 Qg3+ 39. Kg1 Re1+
40. Rf1 Qe3+ 0-1

[Event "2ème Open International de Haute-Bretagn"]
[Site "RENNES - FRANCE"]
[Date "2009.07.16"]
[Round "2.16"]
[White "Grego, Pierre"]
[Black "Pozuelo, Jose"]
[Result "0-1"]
[WhiteElo "1870"]
[BlackElo "2080"]
[PlyCount "82"]
[EventDate "2009.??.??"]

1. e4 c6 2. Nc3 d5 3. Nf3 dxe4 4. Nxe4 Nf6 5. Nxf6+ exf6 6. Bc4 Be7 7. h3 Nd7
8. d4 b5 9. Bd3 Nb6 10. O-O O-O 11. Bf4 Be6 12. Re1 Rc8 13. c3 Qd7 14. Qc2 h6
15. Rad1 Rfe8 16. Bg3 a5 17. b3 Nd5 18. Be4 Bf8 19. c4 Nb4 20. Qb2 bxc4 21. a3
Nd3 22. Bxd3 cxd3 23. Rxd3 Bd5 24. Rxe8 Rxe8 25. Re3 Rxe3 26. fxe3 Qe7 27. Kf2
Qxa3 28. Qxa3 Bxa3 29. Nd2 Bb4 30. e4 Bxd2 31. exd5 cxd5 32. Ke2 Bb4 33. Bc7
Kf8 34. Kd3 Ke7 35. Bf4 f5 36. Bc1 Ke6 37. Be3 g5 38. Ke2 f4 39. Bf2 Kf5 40.
Kf3 Bc3 41. g4+ fxg3 0-1

[Event "2ème Open International de Haute-Bretagn"]
[Site "RENNES - FRANCE"]
[Date "2009.07.16"]
[Round "2.17"]
[White "Allorant, Adrien"]
[Black "Rachid, Danial"]
[Result "1-0"]
[WhiteElo "2072"]
[BlackElo "1910"]
[PlyCount "105"]
[EventDate "2009.??.??"]

1. d4 Nf6 2. Nf3 c5 3. d5 g6 4. g3 Bg7 5. Bg2 O-O 6. O-O d6 7. c4 a6 8. Nc3 Bg4
9. Nd2 Qd7 10. a4 a5 11. Re1 Na6 12. Nf1 Nb4 13. f3 Bh3 14. e4 Ne8 15. Ne3 Bxg2
16. Kxg2 Nc7 17. h4 e5 18. g4 Ne8 19. Ne2 Bf6 20. Rh1 Ng7 21. Ng3 Qd8 22. g5
Be7 23. Ng4 f5 24. gxf6 Bxf6 25. Nxf6+ Qxf6 26. Bg5 Qf7 27. Qe2 h5 28. Ra3 Qd7
29. Kf2 Rf7 30. Ke1 Raf8 31. Kd2 Qc7 32. Rf1 Qb6 33. Kc3 Qc7 34. b3 Qd7 35. Qg2
Kh7 36. Raa1 Ne8 37. Ne2 Nf6 38. Ng1 Ng8 39. Nh3 Kg7 40. Bd2 Rf6 41. Ng5 Ne7
42. Ne6+ Rxe6 43. Qh3 Nexd5+ 44. cxd5 Re7 45. Qg3 Ref7 46. Rf2 Rf4 47. Rg1 Qf7
48. Bxf4 exf4 49. Qg5 Kh7 50. Kc4 Qg7 51. Rd2 Nc2 52. Qxh5+ Kg8 53. Rxg6 1-0

[Event "2ème Open International de Haute-Bretagn"]
[Site "RENNES - FRANCE"]
[Date "2009.07.16"]
[Round "2.18"]
[White "Le Gallo, Frederic"]
[Black "Palacios-Aguilar, Diego-Andre"]
[Result "1-0"]
[WhiteElo "2041"]
[BlackElo "1894"]
[PlyCount "22"]
[EventDate "2009.??.??"]

1. e4 c5 2. c3 d5 3. exd5 Qxd5 4. d4 cxd4 5. cxd4 e6 6. Nf3 Nf6 7. a3 Be7 8.
Nc3 Qd7 9. Bb5 Qc6 {(faute de main...)} 10. Bxc6+ bxc6 11. O-O O-O 1-0

[Event "2ème Open International de Haute-Bretagn"]
[Site "RENNES - FRANCE"]
[Date "2009.07.16"]
[Round "2.19"]
[White "Dupitier, Mickael"]
[Black "Mocquard, Yves"]
[Result "0-1"]
[WhiteElo "1864"]
[BlackElo "2030"]
[PlyCount "52"]
[EventDate "2009.??.??"]

1. d4 Nf6 2. c4 c5 3. e3 cxd4 4. exd4 d5 5. Nc3 g6 6. c5 Nc6 7. Bb5 Bg7 8.
Bxc6+ bxc6 9. Qa4 Qc7 10. Nge2 O-O 11. O-O e5 12. dxe5 Nd7 13. Be3 Nxe5 14. Bd4
f6 15. b4 Bd7 16. Qb3 Nc4 17. Rfd1 a6 18. Ne4 Rfe8 19. Nd2 Rxe2 20. Nxc4 dxc4
21. Qxc4+ Re6 22. Re1 Rae8 23. Rxe6 Bxe6 24. Qxa6 Bd5 25. Qd3 Bxa2 26. Qc3 Qf7
0-1

[Event "2ème Open International de Haute-Bretagn"]
[Site "RENNES - FRANCE"]
[Date "2009.07.16"]
[Round "2.20"]
[White "Melloul, Claude"]
[Black "Graton, Tanguy"]
[Result "1-0"]
[WhiteElo "2019"]
[BlackElo "1870"]
[PlyCount "109"]
[EventDate "2009.??.??"]

1. e4 e6 2. d4 d5 3. Nd2 c5 4. Ngf3 Nc6 5. exd5 exd5 6. Bb5 Nf6 7. O-O Be7 8.
dxc5 O-O 9. Nb3 Bg4 10. Bg5 Ne5 11. Be2 Ned7 12. Qd4 Qc7 13. Rfe1 Rfe8 14. Bf4
Qc6 15. Ne5 Nxe5 16. Bxe5 Be6 17. a4 a6 18. Bd3 Rac8 19. h3 Red8 20. Qh4 h6 21.
Bd4 Qc7 22. Be5 Qd7 23. Qd4 Ne8 24. Re3 Bf6 25. Rae1 Bxe5 26. Rxe5 Nf6 27. f4
Qc6 28. f5 Bd7 29. a5 Qa4 30. Qf2 Qb4 31. g4 Ba4 32. Qd4 Qxd4+ 33. Nxd4 Rxc5
34. c3 Kf8 35. Kf2 Rcc8 36. Kf3 Ne8 37. h4 Nc7 38. g5 hxg5 39. hxg5 Re8 40. Kf4
f6 41. gxf6 gxf6 42. Rxe8+ Rxe8 43. Ne6+ Kf7 44. Ra1 Nxe6+ 45. fxe6+ Kxe6 46.
Rxa4 Rh8 47. Bf5+ Kd6 48. Rb4 Rh4+ 49. Bg4 Kc6 50. Kf5 Rh6 51. Rb6+ Kc7 52.
Rxf6 Rxf6+ 53. Kxf6 b6 54. axb6+ Kxb6 55. Ke5 1-0

[Event "2ème Open International de Haute-Bretagn"]
[Site "RENNES - FRANCE"]
[Date "2009.07.16"]
[Round "2.21"]
[White "Sanvoisin, Corentin"]
[Black "Guisset, Philippe"]
[Result "0-1"]
[WhiteElo "1855"]
[BlackElo "1985"]
[PlyCount "98"]
[EventDate "2009.??.??"]

1. e4 g6 2. d4 Bg7 3. f4 d6 4. Nf3 Nf6 5. Bd3 O-O 6. Be3 b6 7. Nbd2 c5 8. c3
cxd4 9. cxd4 Ng4 10. Bg1 Nc6 11. h3 Nb4 12. Bb1 Nh6 13. a3 Nc6 14. Bd3 e5 15.
d5 Nd4 16. Bxd4 exd4 17. O-O Qf6 18. Ne1 Qh4 19. Nc4 Rd8 20. Qd2 Kh8 21. Nf3
Qg3 22. Kh1 f6 23. Nxd4 f5 24. Nc6 fxe4 25. Bxe4 Ba6 26. Rf3 Qh4 27. Nxd8 Rxd8
28. Bd3 Bc8 29. Ne3 Rf8 30. Raf1 Bd4 31. Qb4 Bc5 32. Qc3+ Kg8 33. Qc4 Re8 34.
Qc1 a5 35. Bb5 Rf8 36. Nc2 Bf5 37. Kh2 Ng4+ 38. Kh1 Be4 39. b4 Bxf3 40. Rxf3
axb4 41. axb4 Bf2 42. Bd7 h5 43. Be6+ Kh7 44. Qd2 Bg3 45. Kg1 Nh2 46. Ra3 Bxf4
47. Qd4 Kh6 48. Ra7 Be5 49. Qxh4 Rf1# 0-1

[Event "2ème Open International de Haute-Bretagn"]
[Site "RENNES - FRANCE"]
[Date "2009.07.16"]
[Round "2.22"]
[White "Louis, Corentin"]
[Black "Le Meur, Jean-Pierre"]
[Result "0-1"]
[WhiteElo "1737"]
[BlackElo "1942"]
[PlyCount "56"]
[EventDate "2009.??.??"]

1. e4 c5 2. c3 d5 3. exd5 Qxd5 4. d4 Nf6 5. Nf3 Bg4 6. Be2 e6 7. Be3 Nbd7 8. h3
Bh5 9. c4 Qd6 10. Nc3 a6 11. O-O cxd4 12. Nxd4 Bxe2 13. Qxe2 Be7 14. Rad1 Qc7
15. f4 O-O 16. g4 g6 17. f5 Qg3+ 18. Kh1 Qxh3+ 19. Kg1 Nxg4 20. Rf3 Qh4 21.
fxe6 Nde5 22. exf7+ Kh8 23. Rf4 Qg3+ 24. Kh1 Nxe3 25. Nd5 Bg5 26. Re4 Nxd1 27.
Qxd1 Rxf7 28. Qe2 Rf2 0-1

[Event "2ème Open International de Haute-Bretagn"]
[Site "RENNES - FRANCE"]
[Date "2009.07.16"]
[Round "2.23"]
[White "Pecot, Matthias"]
[Black "Crahan, Alan"]
[Result "1-0"]
[WhiteElo "1930"]
[BlackElo "1867"]
[PlyCount "71"]
[EventDate "2009.??.??"]

1. e4 Nf6 2. e5 Nd5 3. d4 d6 4. c4 Nb6 5. exd6 exd6 6. Nc3 Be7 7. Be2 c6 8. Nf3
Bf5 9. O-O O-O 10. Be3 Re8 11. Qd2 a5 12. Bd3 Bxd3 13. Qxd3 Na6 14. a3 Nc7 15.
Rfd1 d5 16. b3 Ne6 17. c5 Nd7 18. Rab1 b6 19. b4 b5 20. a4 bxa4 21. b5 Nb8 22.
Nxa4 Nc7 23. b6 Nb5 24. Ra1 Nd7 25. Nc3 Nxb6 26. Nxb5 cxb5 27. cxb6 Qxb6 28.
Qb3 Qb7 29. Rab1 Reb8 30. Bf4 Rd8 31. Qxb5 Qc8 32. Ra1 Qc2 33. Rdc1 Qe4 34. Bd2
Rdb8 35. Qd7 Rb2 36. Re1 1-0

[Event "2ème Open International de Haute-Bretagn"]
[Site "RENNES - FRANCE"]
[Date "2009.07.16"]
[Round "2.24"]
[White "Collier, Timothy"]
[Black "Assedo, Johaquim"]
[Result "1-0"]
[WhiteElo "1920"]
[BlackElo "1823"]
[PlyCount "79"]
[EventDate "2009.??.??"]

1. e4 c5 2. a3 Nc6 3. b4 cxb4 4. axb4 Nxb4 5. c3 Nc6 6. d4 d5 7. exd5 Qxd5 8.
Na3 a6 9. Nb5 Qd8 10. Bf4 e5 11. dxe5 Qxd1+ 12. Kxd1 Bg4+ 13. Ke1 Rc8 14. h3
Bf5 15. g4 Be4 16. f3 axb5 17. fxe4 b4 18. cxb4 Bxb4+ 19. Kf2 Nge7 20. Bb5 O-O
21. Bxc6 Rxc6 22. Nf3 Rc2+ 23. Kg3 Ng6 24. Rhc1 Rfc8 25. Rxc2 Rxc2 26. Ra8+ Nf8
27. h4 Bc5 28. Bd2 g6 29. Bh6 Rc3 30. Rb8 Rb3 31. g5 b5 32. Kg4 b4 33. Nd4 Rd3
34. Nb5 Be7 35. Re8 Rd7 36. Nd6 b3 37. Nc8 f5+ 38. gxf6 Kf7 39. fxe7 Ke6 40.
exf8=Q+ 1-0

[Event "2ème Open International de Haute-Bretagn"]
[Site "RENNES - FRANCE"]
[Date "2009.07.16"]
[Round "2.25"]
[White "Collet, Davy"]
[Black "Siclet, Mathieu"]
[Result "1-0"]
[WhiteElo "1819"]
[BlackElo "1816"]
[PlyCount "61"]
[EventDate "2009.??.??"]

1. d4 Nf6 2. Nf3 e6 3. e3 b6 4. Bd3 Bb7 5. Nbd2 Be7 6. O-O O-O 7. e4 d6 8. c3
Nbd7 9. Qe2 c5 10. e5 Ne8 11. Ne4 h6 12. Bf4 Nb8 13. exd6 Bxd6 14. Nxd6 Nxd6
15. dxc5 bxc5 16. Rfd1 Kh8 17. Bc4 Qf6 18. Bxd6 Rc8 19. Be5 Qe7 20. Bxb8 Raxb8
21. Ba6 Rc6 22. Bxb7 Rxb7 23. Ne5 Rcc7 24. Rd2 Kh7 25. Rad1 g6 26. Qe3 f6 27.
Ng4 g5 28. f4 h5 29. Nf2 g4 30. Re1 Rc6 31. Qe4+ 1-0

[Event "2ème Open International de Haute-Bretagn"]
[Site "RENNES - FRANCE"]
[Date "2009.07.16"]
[Round "2.26"]
[White "Le Goff, Thierry"]
[Black "Quellec, Yannick"]
[Result "0-1"]
[WhiteElo "1798"]
[BlackElo "1900"]
[PlyCount "53"]
[EventDate "2009.??.??"]

1. e4 e6 2. d4 d5 3. Nc3 Bb4 4. e5 c5 5. a3 Bxc3+ 6. bxc3 Qc7 7. Bb2 Ne7 8. Bd3
Nd7 9. Nf3 c4 10. Be2 Nb6 11. Bc1 Na4 12. Bd2 Qa5 13. O-O Nxc3 14. Bxc3 Qxc3
15. Qd2 Qxd2 16. Nxd2 Bd7 17. c3 Ba4 18. Rab1 O-O-O 19. Rb2 Nc6 20. f4 Rd7 21.
Bg4 g6 22. Rfb1 Rc7 23. Rf1 Kb8 24. Rbb1 Nxd4 25. cxd4 c3 26. Rb4 cxd2 27. Rxa4
0-1